| 000 | 00832cam a2200301 4500 | ||
|---|---|---|---|
| 001 | J93520 | ||
| 008 | 090401t1998 xxu||||| |||| 00| 0 eng d | ||
| 035 | _a(Sirsi) u88099 | ||
| 041 | _aeng | ||
| 050 | _a333.33016 | ||
| 110 |
_aRichard Ellis _91875 |
||
| 245 | _aRichard Ellis Scottish index. - June 1992 - December 1997 | ||
| 260 |
_aLondon _bRichard Ellis _c1992-1998 |
||
| 300 | _a67 pt. bound in one volume ; 30cm. | ||
| 350 | _a0 | ||
| 520 | _aBound volume. | ||
| 650 | _aCAPITAL VALUES | ||
| 650 | _aINDUSTRIAL PROPERTY | ||
| 650 | _aOFFICES | ||
| 650 | _aPROPERTY INDICES | ||
| 650 | _aPROPERTY INVESTMENT | ||
| 650 | _aRENTAL VALUES | ||
| 650 | _aSCOTLAND | ||
| 650 | _aSHOPS | ||
| 690 | _aPROPERTY-COMMERCIAL PROPERTY-COMMERCIAL PROPERTY FINANCE AND INVESTMENT | ||
| 942 | _n0 | ||
| 948 | _c24/08/1998 | ||
| 999 |
_c97291 _d97291 |
||